| 000 | 01025nas a2200325 4500 | ||
|---|---|---|---|
| 001 | BR2022000335 | ||
| 003 | BR-BrBNA | ||
| 005 | 20231205132242.0 | ||
| 007 | ta | ||
| 008 | 230509b bl.|||p| |||| 00| 00por d | ||
| 040 |
_aBR-BrBNA _bpor _cBiblioteca Nacional de Agricultura |
||
| 041 | _a(En) | ||
| 072 | _aF30; H10 | ||
| 100 | 1 | _aSantos, T.L.B. dos | |
| 100 | 1 | _aBaldin, E.L.L. | |
| 100 | 1 | _aRibeiro, L. do P. | |
| 100 | 1 | _aSouza, C.M. de | |
| 100 | 1 | _aBueno, N.M. | |
| 100 | 1 | _aSilva, I.F. da | |
| 245 | 1 | _aSilverleaf whitefly-resistant common beans: an investigation of antibiosis and/or antixenosis | |
| 650 | _aFEIJÃO | ||
| 650 | _aPRAGA DE PLANTA | ||
| 650 | _aMOSCA BRANGA | ||
| 650 | _aVARIEDADE RESISTENTE | ||
| 650 | _aGENÓTIPO | ||
| 773 | 0 |
_tBragantia (Brazil) _xISSN 1678-4499 _g(Jan-Mar 2020), v. 79(1) p. 62-73 _wBR2022000335 |
|
| 856 | 4 | 0 | _uhttps://www.scielo.br/j/brag/a/V7PNfmPvfXpGkWfhVMnGLNn/?format=pdf lang=en |
| 909 |
_a202311 _bLúcia _c55 _dLúcia Elande |
||
| 942 |
_2AGRIS _n0 _cANA |
||
| 999 |
_c259310 _d259310 |
||